Indonesian Birds - Statistics

General Stats
  • This quiz has been taken 8 times
  • The average score is 14 of 20
Answer Stats
Picture Answer % Correct
Peregrine Falcon
100%
Southern Cassowary
100%
Brolga
80%
Common Kingfisher
80%
Common Myna
80%
Common Snipe
80%
Glossy Ibis
80%
Greater Bird of Paradise
80%
Magpie Goose
80%
Rhinoceros Hornbill
80%
Ruff
80%
Crested Partridge
60%
Grey Wagtail
60%
Nicobar Pigeon
60%
Purple Swamphen
60%
Willie Wagtail
60%
Wreathed Hornbill
60%
Great White Egret
40%
Green Broadbill
40%
Watercock
40%
No matching quizzes found
Score Distribution
Percent of People with Each Score
Percentile by Number Answered
Your Score History
You have not taken this quiz